000 00592nam a2200169 a 4500
001 000041344
005 20201002034816.0
008 131001s1996 dr 000 0 spa d
020 _a8460554805
040 _aDO-SdBNP
_bspa
_cBNPHU
082 _axxxx
_bxxxx
100 1 _aMessina, Guitze M.
_967987
245 1 3 _aLa nueva gerencia :
_bcómo manejar los dos factores críticos que dominarán el siglo 21 /
_cGuitze M.Messina ; prólogo Carlos M. Cuevas Viera.
260 _aSanto Domingo, :
_bCorripio,
_c1996.
300 _a120 p. ;
_c23 cm.
700 1 _aCuevas Viera, Carlos M.,
_epról.
_967988
999 _c40834
_d40834